Responses for Show #5628 - Wednesday, February 11, 2009

Contestants

[<< previous game]

Jennifer Seiger, a singer and voice teacher from Cary, North Carolina

Deepak Tamasker, an attorney originally from Cleveland, Ohio

Richard Wiggs, an architect from Memphis, Tennessee (whose 1-day cash winnings total $15,200)

[next game >>]

Jeopardy! Round responses

THIS GLAND IS YOUR GLAND
NO ANIMALS WERE HARMED
(Alex: That's the American Humane Association's seal of approval.)
TOOL TIME
THE GADSDEN PURCHASE
WHAT DAY IS IT?
FOR ALL YOU LATIN LOVERS
    $200 1
the prostate

Richard
    $200 24
Mister Ed

Richard
    $200 6
a corkscrew

Jennifer
    $200 21
the Rio Grande

Richard
    $200 11
cats

Richard
    $200 16
bracelet

Jennifer
    $400 2
the adrenal glands

Jennifer
    $400 25
Benji

Richard
    $400 7
chisel

Richard
    $400 22
New Mexico & Arizona

Richard
    $400 12
Honesty

Deepak
    $400 17
amorous

Jennifer
    $600 3
the thyroid

Deepak
    $600 26
Trigger

Jennifer
    $600 8
a mortar and pestle

Deepak
    $600 23
Southern Pacific

Jennifer
    $600 13
(Jennifer: What is tighty-whities?)

Pants

RichardJennifer
    $600 18
corsage

Deepak
    $800 4
the pituitary

Jennifer
    $800 27
Flipper

Richard
    $800 9
the Jaws of Life

Richard
    $800 29
(Deepak: Who is Buchanan?)

Franklin Pierce

Deepak
Triple Stumper
    $800 14
Acts of Kindness

Richard
    $800 19
ardent

Triple Stumper
    $1000 5
the pineal gland

Triple Stumper
    $1000 28
Arnold

Richard
    $1000 10
pliers & wrench

Jennifer
    $1000 30
(Antonio Lopez de) Santa Anna

Jennifer
    $1000 15
3/14 (March 14th)

Richard
    $1,800 20
nuptials

Deepak

Scores at the first commercial break (after clue 15):

Richard Deepak Jennifer
$4,000 $1,600 $1,800

Scores at the end of the Jeopardy! Round:

Richard Deepak Jennifer
$7,000 $3,200 $4,600

Double Jeopardy! Round responses

ST. PAUL
TONY-WINNING MUSICALS IN OTHER WORDS
WHAT A COUNTRY!
"J" DUB
ODDPODGE
A DAY AT THE MUSEUM
(Kelly: The Frank Gehry creation in Bilbao, Spain, that's been called the greatest building of our time.)
    $400 21
Saul

Jennifer
    $400 16
South Africa

Deepak
    $400 1
Junior High Schools

Jennifer
    $400 6
the American Heart Association

Richard
    $400 11
the Guggenheim

Richard
    $800 22
the Gentiles

Jennifer
    $800 17
Australia

Jennifer
    $800 2
justice

Richard
    $800 7
pepper

Jennifer
    $800 12
titanium

Richard
    $1200 23
Damascus

Richard
    $1200 26
The King and I

Jennifer
    $1200 18
(Richard: What is Switzerland?)

Italy

RichardJennifer
    $1200 3
a jukebox

Jennifer
    $1200 8
Theodore Roosevelt

Triple Stumper
    $1200 13
Minimalism

Richard
    $1600 24
Malta

Deepak
    $3,000 27
(Jennifer: [Shakes her head and remains silent])

South Pacific

Jennifer
    $1600 19
Finland

Deepak
    $1600 4
the jetstream

Jennifer
    $1600 9
Bavaria

Richard
    $3,000 14
(Richard: What is the Alhambra?)
(Alex: No, you're doing a blank on the [*]. The [*] of the Bilbao area.)

the Basques

Richard
    $2000 25
Turkey

Richard
    $2000 28
[The end-of-round signal sounds.]

Kiss Me, Kate

Jennifer
    $2000 20
Chad

Triple Stumper
    $2000 5
a jumpsuit

Jennifer
    $2000 10
stone

Richard
    $2000 15
Richard Serra

Triple Stumper

Scores at the end of the Double Jeopardy! Round:

Richard Deepak Jennifer
$13,200 $6,800 $14,000

[wagering suggestions for these scores]

Final Jeopardy! Round responses

1950s LITERATURE
DeepakWhat is "On the Road"
$6,201
RichardWhat is In Cold Blood?
$1,000
JenniferWhat is Gone With the Wind?
$12,401
On the Road

Final scores:

Richard Deepak Jennifer
$12,200 $13,001 $1,599
2nd place: $2,000 New champion: $13,001 3rd place: $1,000

Game dynamics:

Coryat scores:

Richard Deepak Jennifer
$16,200 $6,000 $17,000
22 R,
2 W
(including 1 DD)
8 R
(including 1 DD),
1 W
20 R,
2 W
(including 1 DD)

Combined Coryat: $39,200

[game clues] [game scores] [suggest correction]

Game tape date: 2008-12-02
The J! Archive is created by fans, for fans. Scraping, republication, monetization, and malicious use prohibited; this site may use cookies and collect identifying information. See terms. The Jeopardy! game show and all elements thereof, including but not limited to copyright and trademark thereto, are the property of Jeopardy Productions, Inc. and are protected under law. This website is not affiliated with, sponsored by, or operated by Jeopardy Productions, Inc. Join the discussion at JBoard.tv.